Urban and environmental planning in the UK/ (Record no. 3441)

MARC details
000 -LEADER
fixed length control field 00542nam a2200193 4500
003 - CONTROL NUMBER IDENTIFIER
control field OSt
005 - DATE AND TIME OF LATEST TRANSACTION
control field 20240703122532.0
008 - FIXED-LENGTH DATA ELEMENTS--GENERAL INFORMATION
fixed length control field 160408b xxu||||| |||| 00| 0 eng d
020 ## - INTERNATIONAL STANDARD BOOK NUMBER
International Standard Book Number 0333731913
040 ## - CATALOGING SOURCE
Transcribing agency 040a
082 ## - DEWEY DECIMAL CLASSIFICATION NUMBER
Classification number 338.9
Item number RYD 2003
Edition number 22
100 ## - MAIN ENTRY--PERSONAL NAME
Personal name Rydin, Yvonne
9 (RLIN) 7687
245 ## - TITLE STATEMENT
Title Urban and environmental planning in the UK/
Statement of responsibility, etc. Yvonne Rydin
260 ## - PUBLICATION, DISTRIBUTION, ETC. (IMPRINT)
Place of publication, distribution, etc. Hampshire
Name of publisher, distributor, etc. Macmillan press
Date of publication, distribution, etc. 2003
300 ## - PHYSICAL DESCRIPTION
Extent xvi, 383p. ;
Other physical details ill :
Dimensions 14 cm
504 ## - BIBLIOGRAPHY, ETC. NOTE
Bibliography, etc Includes index
650 ## - SUBJECT ADDED ENTRY--TOPICAL TERM
Topical term or geographic name as entry element Environmentsl planning
9 (RLIN) 7688
942 ## - ADDED ENTRY ELEMENTS (KOHA)
Source of classification or shelving scheme Dewey Decimal Classification
Koha item type Open Shelf
Holdings
Withdrawn status Lost status Source of classification or shelving scheme Damaged status Not for loan Home library Current library Date acquired Inventory number Total Checkouts Full call number Barcode Date last seen Price effective from Koha item type Source of acquisition
    Dewey Decimal Classification     MUST Main Library MUST Main Library 08/04/2016 2001/16589   338.9 RYD 1998 2016-0676 08/04/2016 08/04/2016 Short Loan  
    Dewey Decimal Classification     MUST Main Library MUST Main Library 13/04/2016 2003/19729   338.9 RYD 1998 2016-0861 13/04/2016 13/04/2016 Short Loan  
    Dewey Decimal Classification     MUST Main Library MUST Main Library 14/04/2016 2001/16588   338.9 RYD 1998 2016-0903 14/04/2016 14/04/2016 Short Loan  
    Dewey Decimal Classification     MUST Main Library MUST Main Library 03/07/2024 03/19728   338.9 RYD 2003 2024-21725 03/07/2024 03/07/2024 Open Shelf Purchase